000 01087naa a22003137a 4500
001 BR9400269
003 BR-BrBNA
005 20240918181109.0
007 ta
008 230509b bl.||||| |||| 00| 0 por d
040 _aBR-BrBNA
_bpor
_cBiblioteca Nacional de Agricultura
041 _a(Pt)
072 _aC30; F40
090 _aC30 BR9400269
100 1 _aMiranda, E.E.
100 1 _aFotius, G.
111 1 _aSimposio sobre Caatinga e sua Exploracao Racional
_cFeira de Santana, BA (Brazil)
_d26-30 Nov 1984
245 1 _aA ecoteca do tropico semi-arido
260 3 _aBrasilia, DF (Brasil):
_c1986.
500 _aAnais do Simposio sobre Caatinga e sua exploracao racional Brasilia, DF (Brasil): 1986. p. 189-191 (BR9400269-AM)C30
650 _aProjeto de Desenvolvimento
650 _aSistema de Informacao
650 _aFauna
650 _aFlora
650 _aCaatinga
773 0 _tAnais do Simposio sobre Caatinga e sua exploracao racional
_wC30 BR9400269
_gBrasilia, DF (Brasil), 1986. p. 189-191
909 _a202404
_bLucia
_c55
_dLucia Elande
942 _cAM
_2AGRIS
999 _c323626
_d323626